000 00875nam a2200277 a 4500
001 000019979
005 20200929170221.0
008 100709s1960 sp 001 d spa d
040 _aDO-SdBNP
_bspa
_cBNPHU
082 _a862.6
_bM149d, 1960
100 1 _aMachado, Manuel,
_d1874-1947
_93293
245 1 3 _aLa duquesa de Benamejí /
_cManuel Machado, Antonio Machado.
250 _a4a ed.
260 _aMadrid :
_bEspasa-Calpe,
_c1960.
300 _a230 p. ;
_c18 cm.
490 1 _aAustral. Violeta: teatro y poesía
_v260
500 _aIncluye índice de autores.
650 4 _aTeatro español
_93071
650 4 _aLiteratura española
_ySIGLO XX
_93326
700 1 _aMachado, Antonio,
_d1875-1939
_924735
740 3 2 _aLa prima Fernanda
740 0 2 _aJuan de Mañara
830 0 _aAustral.
_pVioleta: teatro y poesía;
_n260
_942585
910 _aWM
049 _aBNPHU
999 _c19491
_d19491